000 00557nam a2200253Ia 4500
001 120920
003 YMCAF
005 20230512163845.0
008 211208s2021 ||||||||||||||||| ||und|d
020 _a9788122200850
024 _a120920
035 _a52306
040 _aYMCAF
_beng
_cIN-KoLT
041 _aeng
082 _a823
_bDES
100 _aDesai, Anita
245 0 _aCry, The peacock
260 _aDelhi
_borient, 1980
_c2021
300 _a193p.
653 _aENGLISH BOOK
653 _aFICTION
653 _aGENERAL
942 _2ddc
_cBK
999 _c17479
_d17479